<?xml version="1.0" encoding="UTF-8"?>
<record
    xmlns:xsi="http://www.w3.org/2001/XMLSchema-instance"
    xsi:schemaLocation="http://www.loc.gov/MARC21/slim http://www.loc.gov/standards/marcxml/schema/MARC21slim.xsd"
    xmlns="http://www.loc.gov/MARC21/slim">

  <leader>01516cam a2200457   4500</leader>
  <datafield tag="999" ind1=" " ind2=" ">
    <subfield code="c">24028</subfield>
    <subfield code="d">24028</subfield>
  </datafield>
  <controlfield tag="001">vtls012195627</controlfield>
  <controlfield tag="005">20251106070511.0</controlfield>
  <controlfield tag="008">230210s2022    xo     g f    000 0 slo  </controlfield>
  <datafield tag="020" ind1=" " ind2=" ">
    <subfield code="a">9788080712570</subfield>
    <subfield code="q">(viazan&#xE9;)</subfield>
  </datafield>
  <datafield tag="040" ind1=" " ind2=" ">
    <subfield code="a">SNK</subfield>
    <subfield code="b">slo</subfield>
    <subfield code="c">SNK</subfield>
    <subfield code="e">rda</subfield>
  </datafield>
  <datafield tag="041" ind1="0" ind2=" ">
    <subfield code="a">slo</subfield>
  </datafield>
  <datafield tag="044" ind1=" " ind2=" ">
    <subfield code="a">xo</subfield>
    <subfield code="c">SK</subfield>
  </datafield>
  <datafield tag="072" ind1=" " ind2="7">
    <subfield code="a">17</subfield>
    <subfield code="x">Etika. Mor&#xE1;lna filozofia</subfield>
    <subfield code="2">konspekt</subfield>
  </datafield>
  <datafield tag="072" ind1=" " ind2="7">
    <subfield code="a">394</subfield>
    <subfield code="x">Verejn&#xFD; a spolo&#x10D;ensk&#xFD; &#x17E;ivot. Ka&#x17E;dodenn&#xFD; &#x17E;ivot</subfield>
    <subfield code="2">konspekt</subfield>
  </datafield>
  <datafield tag="080" ind1=" " ind2=" ">
    <subfield code="a">17.02</subfield>
    <subfield code="2">2011</subfield>
  </datafield>
  <datafield tag="080" ind1=" " ind2=" ">
    <subfield code="a">821 (100)-9</subfield>
    <subfield code="2">1997</subfield>
  </datafield>
  <datafield tag="080" ind1=" " ind2=" ">
    <subfield code="a">159.923.5</subfield>
    <subfield code="2">2011</subfield>
  </datafield>
  <datafield tag="080" ind1=" " ind2=" ">
    <subfield code="a">(0:82-32)</subfield>
    <subfield code="2">2011</subfield>
  </datafield>
  <datafield tag="080" ind1=" " ind2=" ">
    <subfield code="a">(0:82-84)</subfield>
    <subfield code="2">2011</subfield>
  </datafield>
  <datafield tag="080" ind1=" " ind2=" ">
    <subfield code="a">316.728</subfield>
    <subfield code="2">2011</subfield>
  </datafield>
  <datafield tag="245" ind1="0" ind2="0">
    <subfield code="a">O kr&#xE1;se &#x10D;loveka</subfield>
    <subfield code="b">15 povzbudzuj&#xFA;cich kapitol zo &#x17E;ivota</subfield>
    <subfield code="c">spracovala Marcela Bielikov&#xE1;</subfield>
  </datafield>
  <datafield tag="264" ind1=" " ind2="1">
    <subfield code="a">Vr&#xFA;tky</subfield>
    <subfield code="b">Advent-Orion, s.r.o.</subfield>
    <subfield code="c">2022</subfield>
  </datafield>
  <datafield tag="300" ind1=" " ind2=" ">
    <subfield code="a">265 str&#xE1;n</subfield>
    <subfield code="c">22 cm</subfield>
  </datafield>
  <datafield tag="336" ind1=" " ind2=" ">
    <subfield code="a">text</subfield>
    <subfield code="b">txt</subfield>
    <subfield code="2">rdacontent</subfield>
  </datafield>
  <datafield tag="337" ind1=" " ind2=" ">
    <subfield code="a">bez m&#xE9;dia</subfield>
    <subfield code="b">n</subfield>
    <subfield code="2">rdamedia</subfield>
  </datafield>
  <datafield tag="338" ind1=" " ind2=" ">
    <subfield code="a">zv&#xE4;zok</subfield>
    <subfield code="b">nc</subfield>
    <subfield code="2">rdacarrier</subfield>
  </datafield>
  <datafield tag="490" ind1="1" ind2=" ">
    <subfield code="a">Prame&#x148;</subfield>
  </datafield>
  <datafield tag="650" ind1="0" ind2="7">
    <subfield code="a">&#x17E;ivotn&#xE1; m&#xFA;dros&#x165;</subfield>
    <subfield code="2">SNKPH</subfield>
    <subfield code="9">1966</subfield>
  </datafield>
  <datafield tag="650" ind1="0" ind2="7">
    <subfield code="a">&#x17E;ivotn&#xE1; harm&#xF3;nia</subfield>
    <subfield code="2">SNKPH</subfield>
    <subfield code="9">2735</subfield>
  </datafield>
  <datafield tag="650" ind1="0" ind2="7">
    <subfield code="a">sebav&#xFD;chova</subfield>
    <subfield code="2">SNKPH</subfield>
    <subfield code="9">1949</subfield>
  </datafield>
  <datafield tag="650" ind1="0" ind2="7">
    <subfield code="a">zmysel &#x17E;ivota</subfield>
    <subfield code="2">SNKPH</subfield>
    <subfield code="9">3243</subfield>
  </datafield>
  <datafield tag="650" ind1="0" ind2="7">
    <subfield code="a">Life wisdom</subfield>
    <subfield code="2">SNKPHeng</subfield>
    <subfield code="9">1968</subfield>
  </datafield>
  <datafield tag="650" ind1="0" ind2="7">
    <subfield code="a">Harmony of life</subfield>
    <subfield code="2">SNKPHeng</subfield>
    <subfield code="9">2737</subfield>
  </datafield>
  <datafield tag="650" ind1="0" ind2="7">
    <subfield code="a">Self-culture</subfield>
    <subfield code="2">SNKPHeng</subfield>
    <subfield code="9">1953</subfield>
  </datafield>
  <datafield tag="650" ind1="0" ind2="7">
    <subfield code="a">Sense of life</subfield>
    <subfield code="2">SNKPHeng</subfield>
    <subfield code="9">5250</subfield>
  </datafield>
  <datafield tag="655" ind1=" " ind2="7">
    <subfield code="a">pr&#xED;behy</subfield>
    <subfield code="2">SNKPH</subfield>
    <subfield code="9">2455</subfield>
  </datafield>
  <datafield tag="655" ind1=" " ind2="7">
    <subfield code="a">cit&#xE1;ty</subfield>
    <subfield code="2">SNKPH</subfield>
    <subfield code="9">5073</subfield>
  </datafield>
  <datafield tag="655" ind1=" " ind2="7">
    <subfield code="a">Stories</subfield>
    <subfield code="2">SNKPHeng</subfield>
    <subfield code="9">1706</subfield>
  </datafield>
  <datafield tag="655" ind1=" " ind2="7">
    <subfield code="a">Quotations</subfield>
    <subfield code="2">SNKPHeng</subfield>
    <subfield code="9">5251</subfield>
  </datafield>
  <datafield tag="700" ind1="1" ind2=" ">
    <subfield code="a">Bielikov&#xE1;, Marcela</subfield>
    <subfield code="4">com</subfield>
    <subfield code="9">5252</subfield>
  </datafield>
  <datafield tag="952" ind1=" " ind2=" ">
    <subfield code="0">0</subfield>
    <subfield code="1">0</subfield>
    <subfield code="2">udc</subfield>
    <subfield code="4">0</subfield>
    <subfield code="7">0</subfield>
    <subfield code="8">K</subfield>
    <subfield code="a">10000</subfield>
    <subfield code="b">10000</subfield>
    <subfield code="d">2025-11-06</subfield>
    <subfield code="g">10.50</subfield>
    <subfield code="i">22385</subfield>
    <subfield code="l">1</subfield>
    <subfield code="o">B10926</subfield>
    <subfield code="p">B10926</subfield>
    <subfield code="q">2026-07-31</subfield>
    <subfield code="r">2026-07-01</subfield>
    <subfield code="s">2026-07-01</subfield>
    <subfield code="w">2025-11-06</subfield>
    <subfield code="y">KLDO</subfield>
  </datafield>
</record>
